000 00496nam a22001697a 4500
003 OSt
005 20120302144608.0
008 090326t xxu||||| |||| 00| 0 eng d
035 _a१७५६
040 _cमराठी
100 _aमहानोर, ना. धो.
_92552
245 _aरानातल्या कविता
250 _a१ ली
260 _aमुंबई
_bपॉप्युलर
_c१९६७
300 _b६४ पाने
942 _2ddc
_cBOOK
999 _c487721
_d487718